Hacia un nuevo siglo: la cuestión de una Asamblea Nacional Constituyente
En las últimas cuatro décadas Costa Rica ha vivido un proceso de perfeccionamiento del sistema democrático en el plano político y social. Este proceso ha significado una diferenciación en cuanto a la percepción de la democracia, como método o sistema y como una condición esencial de la idioscincraci...
Uloženo v:
| Korporativní autor: | |
|---|---|
| Médium: | Neznámo |
| Vydáno: |
San José:
EUNED
|
| Témata: | |
| Tagy: |
Přidat tag
Žádné tagy, Buďte první, kdo vytvoří štítek k tomuto záznamu!
|
MARC
| LEADER | 00000 a2200000 04500 | ||
|---|---|---|---|
| 001 | 8328 | ||
| 003 | |||
| 008 | 991231s d | ||
| 040 | |||
| 020 | |a 9977-916-62-4 | ||
| 022 | |a 9977-916-62-4 | ||
| 090 | |a 130613 | ||
| 110 | |a Costa Rica. Asamblea Legislativa | ||
| 245 | |a Hacia un nuevo siglo: la cuestión de una Asamblea Nacional Constituyente | ||
| 260 | |a San José: |b EUNED | ||
| 300 | |a 562 p. | ||
| 520 | |a En las últimas cuatro décadas Costa Rica ha vivido un proceso de perfeccionamiento del sistema democrático en el plano político y social. Este proceso ha significado una diferenciación en cuanto a la percepción de la democracia, como método o sistema y como una condición esencial de la idioscincracia del costarricense, o sea como una forma de vida. Esto sin olvidar, las diferentes concepciones que de la democracia puede tener cada ciudadano y estimando que en todas se encuentra arraigado el " sustrato del espíritu de libertad y de igualdad, proyectados a los diferentes quehaceres, individuales y sociales, del ser nacional. Durante estas últimas cuatro décadas, la democracia ha garantizado un régimen estable que ha obtenido reconocimiento en todo el mundo. El sistema político incorporó a las clases subalternas de la sociedad, a las que les brindó las mejores condiciones de vida desde el interior de un aparatoo estatal en conínuo crecimiento y del cual obtuvo trabajo y servicios sociales y públicos. Se finaliza proponiendo un proyecto de ley donde se convoca al pueblo costarricense para que integren una nueva Asamblea Nacional Constituyente en donde se analice y acuerde una reforma general a la Constitución Política. LOB/LOB | ||
| 650 | |a CONSTITUCIONES | ||
| 650 | |a GRUPOS DE INTERESES | ||
| 650 | |a PARTIDOS POLITICOS | ||
| 650 | |a SISTEMAS POLITICOS | ||
| 650 | |a PAISES EN DESARROLLO | ||
| 650 | |a ASPECTOS POLITICOS | ||
| 650 | |a DEMOCRACIA | ||
| 999 | |c 14459 |d 14459 | ||



